Sostenibilidad de la seguridad democrática : (Registro nro. 6790)
[ vista simple ]
| 000 -LEADER | |
|---|---|
| fixed length control field | 01662cam a2200277 a 4500 |
| 003 - CONTROL NUMBER IDENTIFIER | |
| control field | OSt |
| 005 - DATE AND TIME OF LATEST TRANSACTION | |
| control field | 20200812124041.0 |
| 008 - FIXED-LENGTH DATA ELEMENTS--GENERAL INFORMATION | |
| fixed length control field | 051115s2005 ck ad gr 100 0 spa d |
| 020 ## - INTERNATIONAL STANDARD BOOK NUMBER | |
| International Standard Book Number | 9583375802 |
| 040 ## - CATALOGING SOURCE | |
| Original cataloging agency | CO-BoPUJ |
| Transcribing agency | CO-JMCR |
| 041 0# - LANGUAGE CODE | |
| Language code of text/sound track or separate title | spa |
| 082 04 - DEWEY DECIMAL CLASSIFICATION NUMBER | |
| Classification number | 350.75 / |
| Item number | R196s |
| Edition number | 23 |
| 111 2# - MAIN ENTRY--MEETING NAME | |
| Meeting name or jurisdiction name as entry element | Foro sostenibilidad de la seguridad democrática |
| Date of meeting or treaty signing | (2005 feb. 23 : |
| Location of meeting | Bogotá) |
| 9 (RLIN) | 8654 |
| 245 10 - TITLE STATEMENT | |
| Title | Sostenibilidad de la seguridad democrática : |
| Remainder of title | memorias |
| Statement of responsibility, etc. | compilador Alfredo Rangel Suárez |
| 260 ## - PUBLICATION, DISTRIBUTION, ETC. | |
| Place of publication, distribution, etc. | Bogotá : |
| Name of publisher, distributor, etc. | Fundación Seguridad y Democracia, |
| Date of publication, distribution, etc. | 2005. |
| 300 ## - PHYSICAL DESCRIPTION | |
| Extent | 238 páginas : |
| Other physical details | ilustraciones, cuadros y gráficas ; |
| Dimensions | 21 cm. |
| 490 0# - SERIES STATEMENT | |
| Series statement | Ensayos de seguridad y democracia |
| 504 ## - BIBLIOGRAPHY, ETC. NOTE | |
| Bibliography, etc. note | Incluye referencias bibliográficas. |
| 505 0# - FORMATTED CONTENTS NOTE | |
| Formatted contents note | Sostenibilidad estratégico-militar -- Sostenibilidad económica -- Sostenibilidad política |
| 520 0# - SUMMARY, ETC. | |
| Summary, etc. | Sin lugar a dudas, la política de seguridad es la principal política pública del gobierno del Presidente Álvaro Uribe Vélez. Con ella el primer mandatario está respondiendo al claro perentorio mandato que le dieron los ciudadanos que lo eligieron en la primera vuelta de las elecciones presidenciales: recuperar la seguridad. Y, en efecto hasta ahora, los inusitadamente altos niveles de popularidad del Gobierno están relacionados con el hecho de que la mayoría de la población valora positivamente su gestión en esta materia. |
| 650 24 - SUBJECT ADDED ENTRY--TOPICAL TERM | |
| Topical term or geographic name entry element | Seguridad pública |
| Form subdivision | Congresos |
| Geographic subdivision | Colombia |
| 9 (RLIN) | 8655 |
| 650 24 - SUBJECT ADDED ENTRY--TOPICAL TERM | |
| Topical term or geographic name entry element | Seguridad ciudadana |
| Form subdivision | Congresos |
| Geographic subdivision | Colombia |
| 9 (RLIN) | 8656 |
| 650 24 - SUBJECT ADDED ENTRY--TOPICAL TERM | |
| Topical term or geographic name entry element | Seguridad nacional |
| Form subdivision | Congresos |
| Geographic subdivision | Colombia |
| 9 (RLIN) | 8657 |
| 700 1# - ADDED ENTRY--PERSONAL NAME | |
| Personal name | Rangel Suárez, Alfredo |
| Relator term | compilador |
| 9 (RLIN) | 8658 |
| 942 ## - ADDED ENTRY ELEMENTS (KOHA) | |
| Source of classification or shelving scheme | Dewey Decimal Classification |
| Koha item type | Books |
| Withdrawn status | Lost status | Source of classification or shelving scheme | Damaged status | Not for loan | Home library | Current library | Shelving location | Date acquired | Source of acquisition | Total Checkouts | Full call number | Barcode | Date last seen | Copy number | Price effective from | Koha item type |
|---|---|---|---|---|---|---|---|---|---|---|---|---|---|---|---|---|
| Dewey Decimal Classification | Biblioteca Pública José María del Castillo y Rada | Biblioteca Pública José María del Castillo y Rada | General Stacks | 04/15/2018 | Donación | 350.75 / R196s | 201809965 | 05/16/2024 | Ej.1 | 04/15/2018 | Books |